Loading...
| Science - Other | 0 | 3 | 0 | 1 | 30 | 107 | 123.33 | 0 | 0 | 2.14 | 7.99 |
| Other Academic | 0 | 3 | 0 | 0 | 30 | 69 | 84.00 | 0 | 2 | 14.19 | 31.62 |
| History - American | 0 | 1 | 0 | 1 | 10 | 133 | 133.00 | 0 | 0 | 0.04 | 2.21 |
| Social Science | 0 | 1 | 0 | 0 | 10 | 95 | 95.00 | 0 | 0 | 1.34 | 3.68 |
| Fine Arts - Classical Music | 0 | 1 | 0 | 0 | 10 | 110 | 110.00 | 0 | 0 | 1.16 | 2.70 |
| Religion | 0 | 1 | 0 | 0 | 10 | 131 | 131.00 | 0 | 0 | -0.05 | 0.98 |
| Current Events | 0 | 0 | 0 | 0 | 0 | 0.00 | 0 | 0 | 0.00 | 0.00 | |
| Fine Arts - Other | 0 | 0 | 1 | 0 | -5 | 0.00 | 0 | 0 | 0.00 | 0.00 | |
| Science - Physics | 0 | 0 | 1 | 0 | -5 | 0.00 | 0 | 0 | 0.00 | 0.00 | |
| History - Other | 0 | 0 | 1 | 0 | -5 | 0.00 | 0 | 0 | 0.00 | 0.00 |